000 00651nam a22002177a 4500
005 20170124110041.0
010 _aA-240935
020 _c00.00
035 _aA-240935
037 _bCen Lib/Ret
040 _aDPL
_bEN
082 _a883.08
_bMAJ
245 _aMajor Indian novels :
_cEdited by N. S. Pradhan
_ban evaluation /
260 _aNew Delhi
_bArnold-Heinemann Publishers
_c1985
270 _aA B/9, Safdarjang Enclave
_bNew Delhi
_e110029
300 _axi,266p.
_c17cm(Hb)
650 _aIndic fiction (English)
_9112413
650 _aLiterature
_96262
700 _aPradhan, N. S
_923693
942 _2ddc
_cEN
_h883.08
_mMAJ
999 _c128532
_d128532